Séries par images #1 - Statistiques

Statistiques générales
  • Ce quiz a été pris 4 208 fois
  • Le résultat moyen est 11 sur 16
Statistiques - réponses
Par images Réponse % Correct
Mercredi
96%
Friends
90%
Lucifer
85%
stranger things
84%
Grey’s anatomy
80%
Good doctor
79%
Power ranger
79%
Breaking bad
78%
The walking dead
73%
Desperate housewives
65%
The Big bang theory
59%
Vampire diaries
59%
Charmed
51%
La casa del papel
42%
The thundermans
19%
Legacies
16%
Aucun quiz correspondant
Distribution des résultats
% des personnes avec chaque résultat
Percentile par nombre de réponses
Votre historique - résultats
Vous n’avez pas pris ce quiz